Family Structure and Adolescent Delinquency: Examining the Influence of Parenting and Extended Family Support

Saved in:  
Bibliographic Details
Main Author: Boulter, Deirdre A. (Author)
Format: Print Book
Language:English
Published: [Erscheinungsort nicht ermittelbar] University of New Hampshire 2008
In:Year: 2008
Check availability: HBZ Gateway
Subito Delivery Service: Order now.

MARC

LEADER 00000cam a22000002c 4500
001 1912555697
003 DE-627
005 20250124054950.0
007 tu
008 241217s2008 xx ||||| 00| ||eng c
035 |a (DE-627)1912555697 
035 |a (DE-599)KXP1912555697 
040 |a DE-627  |b ger  |c DE-627  |e rda 
041 |a eng 
084 |a 2,1  |2 ssgn 
100 1 |a Boulter, Deirdre A.  |e VerfasserIn  |4 aut 
245 1 0 |a Family Structure and Adolescent Delinquency: Examining the Influence of Parenting and Extended Family Support 
264 1 |a [Erscheinungsort nicht ermittelbar]  |b University of New Hampshire  |c 2008 
336 |a Text  |b txt  |2 rdacontent 
337 |a ohne Hilfsmittel zu benutzen  |b n  |2 rdamedia 
338 |a Band  |b nc  |2 rdacarrier 
935 |a mkri 
951 |a BO 
ELC |b 1 
LOK |0 000 xxxxxcx a22 zn 4500 
LOK |0 001 463752119X 
LOK |0 003 DE-627 
LOK |0 004 1912555697 
LOK |0 005 20241217044455 
LOK |0 008 241217||||||||||||||||ger||||||| 
LOK |0 035   |a (DE-2619)ICPSR77188 
LOK |0 040   |a DE-2619  |c DE-627  |d DE-2619 
LOK |0 092   |o n 
LOK |0 852   |a DE-2619 
LOK |0 852 1  |9 00 
LOK |0 935   |a nacp 
LOK |0 939   |a 17-12-24  |b l01 
ORI |a SA-MARC-krimdoka001.raw